[Event "GER-ch37 V2 email"]
[Site "GER email"]
[Date "2006.??.??"]
[Round "?"]
[White "Sakowski, Rolf"]
[Black "Mathes, Werner"]
[Result "1-0"]
[WhiteElo "2156"]
[BlackElo "1950"]
[PlyCount "103"]
[EventDate "2006.??.??"]
[EventType "tourn (corr)"]
[EventRounds "10"]
[EventCountry "GER"]
[SourceTitle "Corr 2008"]
[Source "ChessBase"]
[SourceDate "2008.06.24"]
[SourceVersion "1"]
[SourceVersionDate "2008.06.24"]
[SourceQuality "1"]

1. e4 c5 2. Nf3 d6 3. d4 cxd4 4. Nxd4 Nf6 5. Nc3 g6 6. Be3 Bg7 7. f3 0-0 8. Qd2 Nc6 9. Bc4 Bd7 10. h4 Rc8 11. Bb3 h5 12. 0-0-0 Ne5 13. Bh6 Bxh6 14. Qxh6 Rxc3 15. bxc3 Qc7 16. Kb1 a5 17. f4 Nfg4 18. Qg5 a4 19. fxe5 axb3 20. cxb3 Nf2 21. e6 Nxe4 22. Qh6 Nxc3+ 23. Kb2 Nxd1+ 24. Rxd1 Be8 25. exf7+ Bxf7 26. Ne6 Bxe6 27. Qxg6+ Kh8 28. Qh6+ Kg8 29. Qxe6+ Kg7 30. Rc1 Qd8 31. a4 Rf6 32. Qd5 Qd7 33. Qxh5 e5 34. Qg5+ Rg6 35. Qd2 Kh7 36. Rc4 Qg7 37. Qd5 Rxg2+ 38. Ka3 Rf2 39. Rc8 Rf7 40. Qd3+ Kh6 41. Qxd6+ Kh5 42. Qd1+ Kh6 43. Re8 Qf6 44. Qd5 Qf4 45. Rxe5 Qc1+ 46. Kb4 Rf4+ 47. Kb5 Qf1+ 48. Kb6 Rf6+ 49. Ka7 Qf2+ 50. Ka8 Rf8+ 51. Kxb7 Rf7+ 52. Kc6 1-0

[Event "GER-ch37 V2 email"]
[Site "GER email"]
[Date "2006.??.??"]
[Round "?"]
[White "Thalmann, Frank"]
[Black "Sakowski, Rolf"]
[Result "1/2-1/2"]
[WhiteElo "2323"]
[BlackElo "2156"]
[PlyCount "89"]
[EventDate "2006.??.??"]
[EventType "tourn (corr)"]
[EventRounds "10"]
[EventCountry "GER"]
[SourceTitle "Corr 2008"]
[Source "ChessBase"]
[SourceDate "2008.06.24"]
[SourceVersion "1"]
[SourceVersionDate "2008.06.24"]
[SourceQuality "1"]

1. e4 c5 2. Nf3 d6 3. d4 cxd4 4. Nxd4 Nf6 5. Nc3 a6 6. Be3 e5 7. Nb3 Be7 8. f3 Be6 9. Qd2 Nbd7 10. g4 0-0 11. 0-0-0 Qc7 12. Kb1 b5 13. g5 Nh5 14. Nd5 Bxd5 15. exd5 f5 16. gxf6 Rxf6 17. Na5 Nf4 18. Nc6 Bd8 19. Bd3 Nxd3 20. cxd3 Rxf3 21. Qe2 Rf7 22. Rc1 Qb7 23. Rhf1 Rxf1 24. Rxf1 Nf6 25. d4 Qf7 26. dxe5 dxe5 27. Qc2 Qg6 28. Qxg6 hxg6 29. Bg5 e4 30. d6 Kf7 31. d7 Ke6 32. Rd1 e3 33. Nd4+ Ke5 34. Bxe3 Nxd7 35. Bf2 Ke4 36. Nxb5 axb5 37. Rxd7 Bf6 38. a3 Rd8 39. Rxd8 Bxd8 40. Kc2 g5 41. b3 g4 42. b4 Kd5 43. Kb3 Bc7 44. Bg3 Bb6 45. a4 1/2-1/2

[Event "GER-ch32 V04 email"]
[Site "GER email"]
[Date "2002.??.??"]
[Round "?"]
[White "Eglseder, Gottfried"]
[Black "Sakowski, Rolf"]
[Result "1-0"]
[WhiteElo "2057"]
[BlackElo "2137"]
[PlyCount "67"]
[EventDate "2001.??.??"]
[EventType "tourn (corr)"]
[EventRounds "12"]
[EventCountry "GER"]
[SourceTitle "Corr 2011"]
[Source "ChessBase"]
[SourceDate "2010.08.31"]
[SourceVersion "1"]
[SourceVersionDate "2010.08.31"]
[SourceQuality "1"]

1. d4 Nf6 2. Nf3 d5 3. e3 e6 4. Bd3 c5 5. c3 Nc6 6. Nbd2 Bd6 7. 0-0 0-0 8. dxc5 Bxc5 9. e4 e5 10. exd5 Qxd5 11. Qe2 Bg4 12. Ne4 Nxe4 13. Bxe4 Qe6 14. Re1 Bxf3 15. Qxf3 Rfd8 16. b4 Bb6 17. a4 a6 18. a5 Bc7 19. Bg5 f6 20. Be3 g6 21. Rad1 Rxd1 22. Rxd1 Kg7 23. Bd5 Qe8 24. Rd3 Rd8 25. Bh6+ Kxh6 26. Qxf6 Qd7 27. Rh3+ Qxh3 28. gxh3 Rxd5 29. Qf8+ Kg5 30. h4+ Kxh4 31. Qf6+ Kh5 32. Qf3+ Kh6 33. Qxd5 e4 34. Qf7 1-0

[Event "GER-ch32 V04 email"]
[Site "GER email"]
[Date "2002.??.??"]
[Round "?"]
[White "Kruchem, Peter"]
[Black "Sakowski, Rolf"]
[Result "1/2-1/2"]
[WhiteElo "2113"]
[BlackElo "2137"]
[PlyCount "36"]
[EventDate "2001.??.??"]
[EventType "tourn (corr)"]
[EventRounds "12"]
[EventCountry "GER"]
[SourceTitle "Corr 2011"]
[Source "ChessBase"]
[SourceDate "2010.08.31"]
[SourceVersion "1"]
[SourceVersionDate "2010.08.31"]
[SourceQuality "1"]

1. e4 e6 2. d4 d5 3. Nc3 Nf6 4. e5 Nfd7 5. f4 c5 6. Nf3 Nc6 7. Be3 a6 8. dxc5 Bxc5 9. Bxc5 Nxc5 10. Qd2 d4 11. Ne2 d3 12. Nc1 dxc2 13. Qxd8+ Kxd8 14. a3 a5 15. Bd3 Nxd3+ 16. Nxd3 Ke7 17. Rc1 Rd8 18. Kd2 b6 1/2-1/2

[Event "GER-ch32 V04 email"]
[Site "GER email"]
[Date "2002.??.??"]
[Round "?"]
[White "Polzer, Hans"]
[Black "Sakowski, Rolf"]
[Result "1-0"]
[WhiteElo "2111"]
[BlackElo "2137"]
[PlyCount "79"]
[EventDate "2001.??.??"]
[EventType "tourn (corr)"]
[EventRounds "12"]
[EventCountry "GER"]
[SourceTitle "Corr 2011"]
[Source "ChessBase"]
[SourceDate "2010.08.31"]
[SourceVersion "1"]
[SourceVersionDate "2010.08.31"]
[SourceQuality "1"]

1. d4 Nf6 2. Nf3 d5 3. e3 e6 4. Bd3 c5 5. c3 Nbd7 6. Nbd2 Bd6 7. 0-0 0-0 8. Re1 e5 9. e4 cxd4 10. cxd4 Qc7 11. exd5 exd4 12. Nb3 Nb6 13. Nbxd4 Bd7 14. Bg5 Nbxd5 15. Qb3 Rae8 16. Rxe8 Rxe8 17. Bc4 Bc6 18. Rd1 Rf8 19. Nb5 Bxb5 20. Bxd5 Bc6 21. Bxc6 Qxc6 22. Rc1 Qa6 23. Bxf6 gxf6 24. Qc4 Qxc4 25. Rxc4 Re8 26. Kf1 Kf8 27. b3 b5 28. Rc6 Be5 29. Ra6 Re7 30. Nh4 Bc3 31. g3 Rc7 32. Nf5 Rc5 33. g4 Rc7 34. Ke2 h5 35. f3 hxg4 36. fxg4 Kg8 37. h4 Kh7 38. Kd3 Be5 39. Ke4 Kg6 40. Rc6 1-0

[Event "GER-ch32 V04 email"]
[Site "GER email"]
[Date "2002.??.??"]
[Round "?"]
[White "Ruemmele, Michael"]
[Black "Sakowski, Rolf"]
[Result "1/2-1/2"]
[WhiteElo "2395"]
[BlackElo "2137"]
[PlyCount "163"]
[EventDate "2001.??.??"]
[EventType "tourn (corr)"]
[EventRounds "12"]
[EventCountry "GER"]
[SourceTitle "Corr 2011"]
[Source "ChessBase"]
[SourceDate "2010.08.31"]
[SourceVersion "1"]
[SourceVersionDate "2010.08.31"]
[SourceQuality "1"]

1. d4 Nf6 2. c4 e6 3. Nf3 d5 4. Nc3 c6 5. Bg5 h6 6. Bxf6 Qxf6 7. Qb3 dxc4 8. Qxc4 Nd7 9. e3 Qe7 10. Be2 Qb4 11. Qxb4 Bxb4 12. Rc1 0-0 13. 0-0 b6 14. a3 Be7 15. Rfd1 Bb7 16. Nd2 c5 17. dxc5 Bxc5 18. b4 Be7 19. Nb5 Ba6 20. Nf3 Rfd8 21. Nfd4 Bxb5 22. Nxb5 Ne5 23. Rxd8+ Bxd8 24. f4 a6 25. Nd4 Ng6 26. Kf2 Bf6 27. g3 Bxd4 28. exd4 a5 29. b5 Rb8 30. Bf3 Ne7 31. Rc7 Kf8 32. Be4 Ke8 33. Ke2 Kd8 34. Ra7 Ke8 35. Ke3 Rd8 36. Rb7 Rd6 37. g4 f5 38. Bc6+ Nxc6 39. Rxb6 Kd7 40. Rb7+ Kc8 41. bxc6 Rxc6 42. Rxg7 Rc3+ 43. Kd2 Rxa3 44. gxf5 exf5 45. Rf7 Ra2+ 46. Ke3 Ra3+ 47. Kf2 Ra2+ 48. Kg3 Ra3+ 49. Kh4 Rd3 50. Rxf5 a4 51. Rd5 Kc7 52. f5 Kb6 53. Rd6+ Kb5 54. Rd8 Rf3 55. Kg4 Rf2 56. Ra8 Rxh2 57. Kf4 h5 58. f6 Rf2+ 59. Ke5 h4 60. d5 h3 61. Rb8+ Kc4 62. d6 Re2+ 63. Kf5 Rf2+ 64. Ke6 Re2+ 65. Kd7 h2 66. Rb1 Rf2 67. Ke7 Re2+ 68. Kf7 Rd2 69. Rc1+ Kb3 70. Ke7 Re2+ 71. Kd8 a3 72. f7 Rf2 73. Ke7 Re2+ 74. Kf6 Rf2+ 75. Ke6 Re2+ 76. Kd5 Rf2 77. d7 Kb2 78. Re1 a2 79. Ke5 a1Q 80. Rxa1 Kxa1 81. d8Q Re2+ 82. Kf6 1/2-1/2

[Event "GER-ch32 V04 email"]
[Site "GER email"]
[Date "2002.??.??"]
[Round "?"]
[White "Sakowski, Rolf"]
[Black "Mathes, Werner"]
[Result "1/2-1/2"]
[WhiteElo "2137"]
[BlackElo "2015"]
[PlyCount "51"]
[EventDate "2001.??.??"]
[EventType "tourn (corr)"]
[EventRounds "12"]
[EventCountry "GER"]
[SourceTitle "Corr 2011"]
[Source "ChessBase"]
[SourceDate "2010.08.31"]
[SourceVersion "1"]
[SourceVersionDate "2010.08.31"]
[SourceQuality "1"]

1. e4 c5 2. Nf3 d6 3. d4 cxd4 4. Nxd4 Nf6 5. Nc3 a6 6. f3 e5 7. Nb3 Be6 8. Be3 Nbd7 9. Qd2 b5 10. a4 b4 11. Nd5 Bxd5 12. exd5 Nb6 13. Bxb6 Qxb6 14. a5 Qb7 15. Bc4 Be7 16. Ra4 Rb8 17. Nc1 Bd8 18. Nd3 Nxd5 19. Nxe5 dxe5 20. Qxd5 Qxd5 21. Bxd5 Rf8 22. Ke2 f5 23. Bb3 Rf6 24. Rd1 Rg6 25. Kf1 Rh6 26. h3 1/2-1/2

[Event "GER-ch32 V04 email"]
[Site "GER email"]
[Date "2002.??.??"]
[Round "?"]
[White "Sakowski, Rolf"]
[Black "Schlotthauber, Werner"]
[Result "1/2-1/2"]
[WhiteElo "2137"]
[BlackElo "2147"]
[PlyCount "56"]
[EventDate "2001.??.??"]
[EventType "tourn (corr)"]
[EventRounds "12"]
[EventCountry "GER"]
[SourceTitle "Corr 2011"]
[Source "ChessBase"]
[SourceDate "2010.08.31"]
[SourceVersion "1"]
[SourceVersionDate "2010.08.31"]
[SourceQuality "1"]

1. e4 c5 2. Nf3 d6 3. d4 cxd4 4. Nxd4 Nf6 5. Nc3 a6 6. f3 e6 7. Be3 b5 8. Qd2 Nbd7 9. g4 h6 10. 0-0-0 Bb7 11. h4 b4 12. Na4 Qa5 13. b3 Rc8 14. Bh3 Nc5 15. g5 hxg5 16. hxg5 Nfd7 17. g6 f5 18. Bxf5 Rxh1 19. Rxh1 exf5 20. Nxf5 Nxe4 21. fxe4 Bxe4 22. Rh5 Qc7 23. Nd4 Ne5 24. Bg5 Qb7 25. Kb1 Bxg6 26. Rh4 Kd7 27. Qf2 Be7 28. Bxe7 Kxe7 1/2-1/2